000 00756nam a2200277Ia 4500
003 OSt
005 20221005060158.0
006 a|||||r|||| 00| 0
007 ta
008 221004b |||||||| |||| 00| 0 eng d
020 _a86091 711 8
024 _a37343
037 _cTextual
040 _aCRL
_cCRL
_beng
041 _2eng
_aeng
082 _aO111,2:g, K6
100 _aWilliams Raymond
110 _aGift from Prof Amitava Banerjee, London
245 0 _aModern tragedy
260 _aLondon
_bRaymond Williams UK
_c1966
300 _a226p.
_ccm.
650 _aENGLISH LITERATURE
700 _aGift from Prof Amitava Banerjee, London
942 _hO111,2:g, K6
_cTEXL
_2cc
999 _c966282
_d966282